00398nam a2200157Ia 4500003000400000005001700004008004100021040001600062082001700078100002300095245004300118260003400161300000800195650001600203650002100219GCL20240530100404.0140319s9999 xx 000 0 eng d aGCL / cGCL04a709.024bL R1 aLETTS, ROSA MARIA.10aTHE RENAISSANCE / cLETTS, ROSA MARIA. a[S.N] : bCAMBRIDGE ، c1992 a10604aART, EUROPA04aART, RENAISSANCE